[Event "7. Lichtenberger Sommer"]
[Site "Berlin"]
[Date "2008.08.18"]
[Round "3.27"]
[White "Paul, Reinhart"]
[Black "Reichenbach, Werner"]
[Result "0-1"]
[WhiteElo "2155"]
[BlackElo "2305"]
[PlyCount "90"]
[EventDate "2008.??.??"]
[WhiteTeam "CFC Hertha 06 e.V."]
[BlackTeam "Schachclub Schwante"]

1. e4 d6 2. d4 Nf6 3. Nc3 g6 4. Bc4 c6 5. a4 Bg7 6. h3 d5 7. exd5 cxd5 8. Bb5+
Nbd7 9. Nf3 O-O 10. O-O e6 11. a5 Nb8 12. Ne5 a6 13. Bd3 Nfd7 14. Bf4 Nxe5 15.
dxe5 Nc6 16. Re1 Nxa5 17. Qd2 Nc6 18. Ra4 Bd7 19. Bg5 f6 20. exf6 Bxf6 21. Bh6
Bg7 22. g3 Bxh6 23. Qxh6 Qf6 24. Rf4 Qg7 25. Qg5 Rxf4 26. gxf4 Rf8 27. Kg2 b5
28. Nd1 Qf6 29. Kg3 Qxg5+ 30. fxg5 e5 31. f3 Be6 32. c3 Bxh3 33. Bc2 Be6 34.
Bb3 Rd8 35. Ne3 a5 36. Rd1 Ne7 37. c4 d4 38. Rd3 a4 39. Ba2 b4 40. b3 a3 41.
Nd1 Kg7 42. Nf2 Bf5 43. Rd2 Nc6 44. Ne4 Bxe4 45. fxe4 Rf8 0-1

[Event "7. Lichtenberger Sommer"]
[Site "Berlin"]
[Date "2008.08.18"]
[Round "3.28"]
[White "Baranowsky, Peter"]
[Black "Zschäbitz, Klaus"]
[Result "0-1"]
[WhiteElo "1836"]
[BlackElo "2103"]
[PlyCount "49"]
[EventDate "2008.??.??"]
[WhiteTeam "BA Tempelhof"]
[BlackTeam "BSG 1827 Eckbauer e.V."]

1. d4 Nf6 2. Nf3 d5 3. c4 e6 4. Nc3 dxc4 5. e4 Bb4 6. Qc2 b5 7. a4 Bb7 8. axb5
Bxe4 9. Qa4 Bxc3+ 10. bxc3 Bxf3 11. gxf3 O-O 12. Qxc4 c6 13. Bf4 cxb5 14. Qxb5
Nbd7 15. Qb7 e5 16. Bxe5 Nxe5 17. dxe5 Nh5 18. Qe4 Qc7 19. Bc4 Rae8 20. O-O
Rxe5 21. Qd4 Rc5 22. Ra4 Nf4 23. Rd1 Rh5 24. Bxf7+ Qxf7 25. Qc4 0-1

[Event "7. Lichtenberger Sommer"]
[Site "Berlin"]
[Date "2008.08.18"]
[Round "3.29"]
[White "Gschwendtner, Klaus"]
[Black "Eberlein, Johann"]
[Result "1-0"]
[WhiteElo "2078"]
[BlackElo "1941"]
[PlyCount "43"]
[EventDate "2008.??.??"]
[WhiteTeam "SC Starnberg"]
[BlackTeam "BSV 63 Chemie Weißensee"]

1. e4 c6 2. d3 d5 3. Nd2 e5 4. Ngf3 Bd6 5. d4 f6 6. exd5 cxd5 7. Bb5+ Bd7 8.
Bxd7+ Nxd7 9. dxe5 fxe5 10. c4 Ngf6 11. cxd5 Qa5 12. O-O Qxd5 13. Nc4 Qxd1 14.
Rxd1 Bc7 15. Bg5 O-O-O 16. Nd6+ Bxd6 17. Rxd6 Kc7 18. Rad1 h6 19. Bh4 g5 20.
Bg3 Ne4 21. Rxd7+ Rxd7 22. Bxe5+ 1-0

[Event "7. Lichtenberger Sommer"]
[Site "Berlin"]
[Date "2008.08.18"]
[Round "3.30"]
[White "Schulz, Hartmut"]
[Black "Mai, Andreas"]
[Result "1-0"]
[WhiteElo "2149"]
[BlackElo "1899"]
[PlyCount "57"]
[EventDate "2008.??.??"]
[WhiteTeam "SC Rotation Pankow e.V."]
[BlackTeam "SC Friesen Lichtenberg e.V."]

1. d4 Nf6 2. c4 g6 3. Nc3 Bg7 4. e4 d6 5. f3 O-O 6. Be3 c6 7. Qd2 a6 8. a4 Qc7
9. Bd3 e5 10. d5 Ne8 11. g4 f5 12. gxf5 gxf5 13. exf5 Bxf5 14. Bxf5 Rxf5 15.
Ne4 c5 16. h4 Qf7 17. Ng5 Qh5 18. Ne2 Rxg5 19. Bxg5 Qxf3 20. Rf1 Qe4 21. Rc1 b5
22. Qc2 Qxc2 23. Rxc2 bxa4 24. Nc3 Ra7 25. Nxa4 Rb7 26. Nc3 h6 27. Bc1 Nf6 28.
Bxh6 Ng4 29. Bg5 1-0

[Event "7. Lichtenberger Sommer"]
[Site "Berlin"]
[Date "2008.08.18"]
[Round "3.31"]
[White "Koch, Friedrich"]
[Black "Walter, Günter"]
[Result "1-0"]
[WhiteElo "2063"]
[BlackElo "2082"]
[PlyCount "95"]
[EventDate "2008.??.??"]
[WhiteTeam "SV Empor Berlin e.V."]
[BlackTeam "TSG Oberschöneweide e.V."]

1. e4 e5 2. Nf3 Nc6 3. Bc4 Nf6 4. d3 Be7 5. O-O d6 6. c3 O-O 7. Bb3 Bg4 8. Nbd2
Qd7 9. Re1 Rae8 10. h3 Bh5 11. Nf1 Bg6 12. Ng3 Bd8 13. Nh4 Kh8 14. Nhf5 Na5 15.
Ba4 b5 16. Bc2 d5 17. Qe2 dxe4 18. dxe4 Nb7 19. Be3 a6 20. Red1 Qe6 21. Bb3 Qc8
22. f3 Na5 23. Bc5 Nxb3 24. Bxf8 Nxa1 25. Bxg7+ Kg8 26. Bh6 Qe6 27. Rxa1 Qb6+
28. Be3 Qe6 29. a4 Qc4 30. Qxc4 bxc4 31. Bc5 Nd7 32. Ba3 c6 33. Nd6 Bb6+ 34.
Kf1 Rb8 35. Nxc4 Bc5 36. Bxc5 Nxc5 37. Nxe5 Rxb2 38. Nxc6 Nb3 39. Rd1 Nd2+ 40.
Ke1 Nc4 41. Ne7+ Kg7 42. Ngf5+ Kf6 43. Rd4 Bxf5 44. Nxf5 Na3 45. Rd6+ Ke5 46.
Rxa6 Nb1 47. Ra5+ Kf4 48. Rb5 1-0

[Event "7. Lichtenberger Sommer"]
[Site "Berlin"]
[Date "2008.08.18"]
[Round "3.32"]
[White "Getzuhn, Detlef"]
[Black "Exler, Veronika"]
[Result "0-1"]
[WhiteElo "1979"]
[BlackElo "2011"]
[PlyCount "80"]
[EventDate "2008.??.??"]
[WhiteTeam "SV Senat"]
[BlackTeam "SC Donaustadt Wien"]

1. e4 c6 2. d4 d5 3. Nc3 dxe4 4. Nxe4 Nd7 5. Bc4 Ngf6 6. Ng5 e6 7. c3 h6 8.
N5f3 Qc7 9. Ne2 Bd6 10. O-O b6 11. Bd3 Bb7 12. Bd2 c5 13. Ng3 O-O 14. Rc1 Rac8
15. Qe2 Bf4 16. Rfd1 Bxd2 17. Nxd2 cxd4 18. cxd4 Qd6 19. Rxc8 Rxc8 20. Nde4
Nxe4 21. Nxe4 Qd5 22. f3 Qxd4+ 23. Nf2 Qe5 24. Qd2 Nf6 25. Bb1 Qc5 26. b4 Qe7
27. a3 Bd5 28. Qe3 Qc7 29. Ne4 Bxe4 30. fxe4 Qe5 31. Qd3 g6 32. Qa6 Rc7 33. h3
Kg7 34. Kh1 Nxe4 35. Kg1 Nc3 36. Rf1 Ne2+ 37. Kf2 Nc3 38. Qd3 Nxb1 39. Rxb1 Rc3
40. Qd2 Qf5+ 0-1

[Event "7. Lichtenberger Sommer"]
[Site "Berlin"]
[Date "2008.08.18"]
[Round "3.33"]
[White "Werner, Michael"]
[Black "Kopmann, Jens"]
[Result "1-0"]
[WhiteElo "2106"]
[BlackElo "1967"]
[PlyCount "77"]
[EventDate "2008.??.??"]
[WhiteTeam "Schachgesellschaft Benrath 1924"]
[BlackTeam "USV Potsdam e.V., Abt. Schach"]

1. d4 Nf6 2. c4 e5 3. dxe5 Ng4 4. Bf4 g5 5. Bg3 Bg7 6. Nf3 Nc6 7. Nc3 Ngxe5 8.
Nxe5 Nxe5 9. e3 d6 10. Rc1 Be6 11. Be2 Qd7 12. b3 O-O-O 13. Nb5 Nc6 14. Bf3 a6
15. Bxc6 bxc6 16. Nd4 c5 17. Qf3 d5 18. Nxe6 fxe6 19. cxd5 Qxd5 20. Qxd5 Rxd5
21. Ke2 Rhd8 22. Rhd1 Kb7 23. Rxd5 exd5 24. Rxc5 c6 25. Rc1 h5 26. h4 g4 27.
Bf4 Bf6 28. g3 Re8 29. Kd3 Kb6 30. Rf1 c5 31. f3 Kb5 32. fxg4 hxg4 33. h5 c4+
34. bxc4+ dxc4+ 35. Kc2 Ka4 36. h6 Bh8 37. Rd1 Re7 38. Rd8 Bf6 39. Rd6 1-0

[Event "7. Lichtenberger Sommer"]
[Site "Berlin"]
[Date "2008.08.18"]
[Round "3.34"]
[White "Albinus, Günter"]
[Black "Kornrumpf, Joachim"]
[Result "0-1"]
[WhiteElo "1920"]
[BlackElo "2121"]
[PlyCount "110"]
[EventDate "2008.??.??"]
[WhiteTeam "SG Weißensee 49 e.V."]
[BlackTeam "Preetzer TSV"]

1. Nf3 c5 2. c4 e6 3. Nc3 Nf6 4. d4 cxd4 5. Nxd4 a6 6. a3 Qc7 7. e4 Be7 8. Be2
O-O 9. O-O d6 10. Be3 b6 11. Rc1 Bb7 12. Bf3 Nbd7 13. b3 Rac8 14. Qc2 Ne5 15.
Be2 Qb8 16. f3 d5 17. exd5 exd5 18. Qa2 dxc4 19. bxc4 Bc5 20. Na4 Rfe8 21. Nxc5
bxc5 22. Nf5 Ng6 23. Bd3 Nf4 24. Bxf4 Qxf4 25. Qf2 Rcd8 26. Bb1 Rd2 27. Qg3 Nh5
28. Qxf4 Nxf4 29. Rf2 Ree2 30. Rcf1 Rb2 31. Rxe2 Nxe2+ 32. Kh1 Nc3 33. Bd3 g6
34. Nd6 Bc6 35. Ra1 Rd2 36. Nc8 Kf8 37. Bf1 Na4 38. Rb1 Ra2 39. Rb3 Nb2 40. Kg1
Ba4 41. Rb6 Nd1 42. Rxa6 Bc2 43. Nb6 Ne3 44. Be2 Bb3 45. Nd7+ Kg7 46. Nxc5 Rxe2
47. Nxb3 Rxg2+ 48. Kh1 Rb2 49. h4 Rxb3 50. c5 Rb2 51. c6 Rc2 52. a4 Kh6 53. a5
Kh5 54. Ra7 Kxh4 55. Re7 Kg3 0-1

[Event "7. Lichtenberger Sommer"]
[Site "Berlin"]
[Date "2008.08.18"]
[Round "3.35"]
[White "Schmalzried, Volker"]
[Black "Roth, Joachim"]
[Result "1/2-1/2"]
[WhiteElo "1758"]
[BlackElo "1861"]
[PlyCount "46"]
[EventDate "2008.??.??"]
[WhiteTeam "Umweltbundesamt"]
[BlackTeam "SG Bund"]

1. c4 e6 2. d4 c5 3. Nf3 cxd4 4. Nxd4 Bc5 5. g3 Nc6 6. Nxc6 bxc6 7. Bg2 Nf6 8.
O-O d5 9. Nc3 O-O 10. cxd5 cxd5 11. e4 Ba6 12. Re1 dxe4 13. Bg5 Qd4 14. Be3
Qxd1 15. Raxd1 Bxe3 16. Rxe3 Rab8 17. b3 Rfd8 18. Ree1 Rxd1 19. Rxd1 Bd3 20.
Re1 Kf8 21. Bxe4 Nxe4 22. Nxe4 Bxe4 23. Rxe4 Ke7 1/2-1/2

[Event "7. Lichtenberger Sommer"]
[Site "Berlin"]
[Date "2008.08.18"]
[Round "3.36"]
[White "Sabrowski, Uwe"]
[Black "Krannich, Sven"]
[Result "0-1"]
[WhiteElo "2142"]
[BlackElo "1876"]
[PlyCount "99"]
[EventDate "2008.??.??"]
[WhiteTeam "TSG Oberschöneweide e.V."]
[BlackTeam "USC Viadrina Frankfurt (Oder) e."]

1. d4 e6 2. c4 Nf6 3. Nf3 c5 4. d5 d6 5. Nc3 exd5 6. cxd5 g6 7. e4 Bg4 8. Be2
Bxf3 9. Bxf3 Bg7 10. O-O O-O 11. Bf4 a6 12. a4 Qc7 13. Rc1 Nbd7 14. g4 Rab8 15.
Qe2 Ne8 16. Bg5 Ne5 17. Bg2 f6 18. Be3 Qe7 19. f4 Nf7 20. Qc4 Nc7 21. h4 b5 22.
axb5 axb5 23. Qe2 b4 24. Nd1 Nb5 25. g5 f5 26. e5 Nxe5 27. fxe5 Qxe5 28. Qf3
Rbe8 29. Rc4 Qe7 30. h5 Bd4 31. Bxd4 Nxd4 32. Rxd4 cxd4 33. hxg6 hxg6 34. Qf4
Qe5 35. Qd2 Rf7 36. Nf2 Rh7 37. Nh3 Qg3 38. Nf4 Qh2+ 39. Kf2 Re4 40. Nxg6 f4
41. Qd3 Re3 42. Qf5 Rf7 43. Qc8+ Kg7 44. Qh8+ Qxh8 45. Nxh8 Kxh8 46. Rh1+ Kg7
47. Rh6 f3 48. Bf1 Rb3 49. Rxd6 d3 50. Ke3 0-1

[Event "7. Lichtenberger Sommer"]
[Site "Berlin"]
[Date "2008.08.18"]
[Round "3.37"]
[White "Mielke, Norman"]
[Black "Völker, Thomas"]
[Result "1-0"]
[WhiteElo "2035"]
[BlackElo "1766"]
[PlyCount "97"]
[EventDate "2008.??.??"]
[WhiteTeam "Schachgemeinschaft  Wedding e.V."]
[BlackTeam "SF Friedrichshagen"]

1. e4 c5 2. c3 d5 3. exd5 Qxd5 4. d4 Nc6 5. Nf3 Bg4 6. Be2 e6 7. h3 Bh5 8. c4
Qd8 9. d5 exd5 10. cxd5 Bxf3 11. Bxf3 Nd4 12. O-O Nxf3+ 13. Qxf3 Qf6 14. Re1+
Kd8 15. Qe2 Qe7 16. Be3 Nf6 17. Nc3 Qd7 18. Rad1 Bd6 19. Nb5 Re8 20. Nxd6 Qxd6
21. Qc4 b6 22. Bf4 Qd7 23. Kf1 Kc8 24. b4 Qa4 25. Rxe8+ Nxe8 26. Rc1 Kb7 27.
bxc5 Qxc4+ 28. Rxc4 bxc5 29. Rxc5 Rd8 30. Rb5+ Ka6 31. a4 Nf6 32. Bg5 Rd6 33.
Bxf6 Rxf6 34. g3 Rb6 35. Rc5 Rb1+ 36. Ke2 Kb6 37. Rc4 Rb2+ 38. Ke3 Rb3+ 39. Ke4
Rb2 40. Ke3 Rb3+ 41. Ke4 Rb2 42. f4 Re2+ 43. Kd4 Rd2+ 44. Ke5 Re2+ 45. Kd6 Re3
46. Kd7 Rxg3 47. Rd4 Kc5 48. Rd1 Rxh3 49. Kc7 1-0

[Event "7. Lichtenberger Sommer"]
[Site "Berlin"]
[Date "2008.08.18"]
[Round "3.38"]
[White "Karunaharamoorthy, Achudhan"]
[Black "von Löhneysen, Leonard"]
[Result "0-1"]
[WhiteElo "1869"]
[BlackElo "1995"]
[PlyCount "90"]
[EventDate "2008.??.??"]
[WhiteTeam "SC Kreuzberg e.V."]
[BlackTeam "SK Zehlendorf e.V."]

1. d4 Nf6 2. c4 c5 3. d5 b5 4. cxb5 a6 5. bxa6 g6 6. Nc3 Bxa6 7. e4 Bxf1 8.
Kxf1 d6 9. Nge2 Bg7 10. h3 Nbd7 11. Kg1 O-O 12. Kh2 Ra6 13. Rb1 Qa8 14. b3 Rb8
15. Qc2 Ne8 16. Rd1 Nc7 17. Bb2 Nb5 18. Nxb5 Rxb5 19. a4 Rb4 20. Bxg7 Kxg7 21.
Nc1 Nf6 22. f3 c4 23. Qc3 Qb8 24. Rd4 Raxa4 25. bxa4 Rxb1 26. Rxc4 Qb6 27. Qd2
Rb2 28. Rc2 Rb4 29. Ra2 Rd4 30. Qe2 Qb1 31. Qb2 Qxb2 32. Rxb2 Rxa4 33. Nd3 Ra7
34. Nf4 Nd7 35. Ne2 f5 36. Kg3 fxe4 37. fxe4 Ne5 38. Rc2 Ra4 39. Kf4 Kf6 40.
Rc3 g5+ 41. Ke3 Nc4+ 42. Kd3 Nb2+ 43. Kd2 Rxe4 44. Rc2 Na4 45. Ra2 Rxe2+ 0-1

[Event "7. Lichtenberger Sommer"]
[Site "Berlin"]
[Date "2008.08.18"]
[Round "3.39"]
[White "Buehler, Florian"]
[Black "Fischer, Anke"]
[Result "0-1"]
[WhiteElo "1992"]
[BlackElo "1835"]
[PlyCount "82"]
[EventDate "2008.??.??"]
[WhiteTeam "Spgem Kötz/Ichenhausen"]
[BlackTeam "SG Lasker Steglitz-Wilmersdorf"]

1. d4 d5 2. c4 e6 3. Nc3 Nf6 4. cxd5 exd5 5. Bg5 Nbd7 6. e3 Be7 7. Bd3 h6 8.
Bf4 c6 9. Qc2 b6 10. Nge2 Bb7 11. O-O O-O 12. f3 Re8 13. e4 dxe4 14. fxe4 Nf8
15. Kh1 Ne6 16. Rad1 Nxf4 17. Nxf4 Rc8 18. Qf2 Rf8 19. Bb1 Qe8 20. Rd3 Ba6 21.
Rg3 Bxf1 22. Qxf1 c5 23. Qd3 Bd6 24. e5 Bxe5 25. dxe5 Qxe5 26. Nce2 Rcd8 27.
Qc2 Rfe8 28. h3 Ne4 29. Rf3 Rd2 30. Qc4 Rd1+ 31. Ng1 Rxb1 32. Nfe2 Qe6 33. Qc2
Qxa2 34. Qd3 Qxb2 35. Qd7 Rf8 36. Re3 Nf6 37. Qd3 Re8 38. Rxe8+ Nxe8 39. Qe3
Nf6 40. Qf3 Qe5 41. Nf4 c4 0-1

[Event "7. Lichtenberger Sommer"]
[Site "Berlin"]
[Date "2008.08.18"]
[Round "3.40"]
[White "Belger, Christian"]
[Black "Grassi, Fabrizio"]
[Result "1/2-1/2"]
[WhiteElo "1969"]
[BlackElo "1960"]
[PlyCount "79"]
[EventDate "2008.??.??"]
[WhiteTeam "USV Potsdam e.V., Abt. Schach"]
[BlackTeam "SV Berlin-Friedrichstadt"]

1. e4 d5 2. exd5 Nf6 3. c4 e6 4. d4 exd5 5. Nc3 Be7 6. Nf3 O-O 7. Bd3 dxc4 8.
Bxc4 Bg4 9. O-O Bxf3 10. Qxf3 Qxd4 11. Qxb7 Nbd7 12. Bb5 Rab8 13. Qf3 Bd6 14.
Bxd7 Nxd7 15. Qe4 Qxe4 16. Nxe4 Be5 17. Rb1 Rfe8 18. Ng3 Bxg3 19. hxg3 Re2 20.
Be3 Rbxb2 21. Rxb2 Rxb2 22. Rd1 Nf8 23. Rd8 Rc2 24. Bxa7 f6 25. a4 Kf7 26. Be3
c5 27. a5 Ne6 28. Ra8 Ra2 29. a6 g5 30. g4 h6 31. Kh2 Ra4 32. a7 Nc7 33. Rc8
Rxa7 34. Bxc5 Rb7 35. Rh8 Kg7 36. Rc8 Ne6 37. Be3 Rd7 38. Ra8 Kf7 39. Ra5 Kg6
40. g3 1/2-1/2

[Event "7. Lichtenberger Sommer"]
[Site "Berlin"]
[Date "2008.08.18"]
[Round "3.41"]
[White "Graudons, Karsten"]
[Black "Wendland, Frank"]
[Result "1-0"]
[WhiteElo "1999"]
[BlackElo "1736"]
[PlyCount "133"]
[EventDate "2008.??.??"]
[WhiteTeam "USV Potsdam e.V., Abt. Schach"]
[BlackTeam "Treptower SV 1949 e.V."]

1. Nf3 d5 2. b3 Nf6 3. Bb2 Bf5 4. e3 e6 5. d3 Bd6 6. Nbd2 O-O 7. Be2 Nbd7 8.
Nh4 Re8 9. Nxf5 exf5 10. O-O c6 11. Nf3 Qc7 12. c4 dxc4 13. bxc4 Ne5 14. Bxe5
Bxe5 15. Rb1 Bd6 16. Qb3 b6 17. h3 Rad8 18. Nd4 f4 19. e4 Bc5 20. Nf3 Qd7 21.
Rfe1 Bd4 22. a4 Rb8 23. Bd1 Red8 24. e5 Ne8 25. Re4 c5 26. Nxd4 cxd4 27. Rxf4
Nc7 28. Bg4 Qe7 29. Re4 Na6 30. Qc2 Nc5 31. Re2 Re8 32. f4 Qc7 33. Rbe1 Qc6 34.
Ra1 Re7 35. Bf3 Qd7 36. Bg4 Qc6 37. Bf3 Qd7 38. Be4 a5 39. Qd1 Qe8 40. Rb2 g6
41. Qf3 Kg7 42. Bc6 Qc8 43. Re2 Qf5 44. Be4 Qd7 45. g4 Qc7 46. Bd5 Rbe8 47. Bc6
Rd8 48. Bb5 Kg8 49. Rae1 Qb7 50. Qg3 Kg7 51. Kf2 Rf8 52. h4 Rc7 53. f5 Qc8 54.
Rd1 Kh8 55. Qf4 Re7 56. Qxd4 gxf5 57. e6+ Kg8 58. exf7+ Rexf7 59. g5 Rd8 60.
Qe3 f4 61. Qf3 Qf5 62. d4 Ne6 63. Qe4 Rxd4 64. Rxd4 Nxd4 65. Qxd4 Qh3 66. Re8+
Rf8 67. Qxf4 1-0

[Event "7. Lichtenberger Sommer"]
[Site "Berlin"]
[Date "2008.08.18"]
[Round "3.42"]
[White "Fuchs, Jörg"]
[Black "Gohlke, Herbert"]
[Result "0-1"]
[WhiteElo "1914"]
[BlackElo "2089"]
[PlyCount "82"]
[EventDate "2008.??.??"]
[WhiteTeam "SC Kreuzberg e.V."]
[BlackTeam "SG Lok Brandenburg, Abt. Schach"]

1. e4 Nc6 2. Nf3 e5 3. Bb5 Nd4 4. Nxd4 exd4 5. O-O Bc5 6. d3 c6 7. Ba4 d6 8.
Nd2 Nf6 9. a3 b5 10. Bb3 a6 11. f4 Be6 12. Qf3 Bxb3 13. Nxb3 O-O 14. Nxc5 dxc5
15. f5 Nd7 16. Qg3 f6 17. Rf4 Rf7 18. Rh4 Nf8 19. Bf4 Raa7 20. Re1 c4 21. Bd6
Rad7 22. Bc5 g5 23. e5 fxe5 24. Rxe5 Rd5 25. Rxd5 Qxd5 26. Bxf8 Qxf5 27. h3
Kxf8 28. Qd6+ Kg8 29. Re4 cxd3 30. cxd3 c5 31. Re8+ Kg7 32. Re5 Qf1+ 33. Kh2
Qf4+ 34. Kg1 c4 35. dxc4 bxc4 36. Qc5 h6 37. Re8 d3 38. Rd8 Qe4 39. Rd4 Qe2 40.
Rxc4 d2 41. Qd4+ Kh7 0-1

[Event "7. Lichtenberger Sommer"]
[Site "Berlin"]
[Date "2008.08.18"]
[Round "3.43"]
[White "Kühnemund, Lutz"]
[Black "Wirp, Hans-Werner"]
[Result "1-0"]
[WhiteElo "1920"]
[BlackElo "1709"]
[PlyCount "53"]
[EventDate "2008.??.??"]
[WhiteTeam "SC Friesen Lichtenberg e.V."]
[BlackTeam "SK Oschersleben 1948"]

1. b4 a5 2. b5 c5 3. c4 b6 4. Bb2 Nf6 5. e3 Bb7 6. Nf3 d5 7. Be2 Nbd7 8. O-O
Qc7 9. Nc3 h5 10. Ng5 d4 11. Nd5 Bxd5 12. cxd5 Ng4 13. f4 dxe3 14. Bxg4 hxg4
15. dxe3 Nf6 16. e4 O-O-O 17. Nxf7 Rh7 18. Nxd8 Qxd8 19. Bxf6 gxf6 20. Qxg4+
Kb7 21. Qg8 Rg7 22. Qe6 Rh7 23. Rf3 Bh6 24. Raf1 Qh8 25. Rh3 Bxf4 26. Rxf4 Rxh3
27. Qxh3 1-0

[Event "7. Lichtenberger Sommer"]
[Site "Berlin"]
[Date "2008.08.18"]
[Round "3.44"]
[White "Bockelmann, Rolf"]
[Black "Berendsen, Markus"]
[Result "0-1"]
[WhiteElo "1796"]
[BlackElo "2123"]
[PlyCount "78"]
[EventDate "2008.??.??"]
[WhiteTeam "SG Lasker Steglitz-Wilmersdorf"]
[BlackTeam "Oberhausen Schachverein 1887 e.V"]

1. e4 g6 2. d4 Bg7 3. Nc3 c5 4. Be3 Qa5 5. Nge2 Nf6 6. dxc5 Nxe4 7. Bd4 Nf6 8.
a3 Nc6 9. b4 Qd8 10. Be3 O-O 11. Nd4 d5 12. Be2 e5 13. Nxc6 bxc6 14. Bg5 h6 15.
Bxf6 Bxf6 16. O-O Bg7 17. Rb1 f5 18. Rb3 Be6 19. Nb1 g5 20. f3 Qd7 21. b5 cxb5
22. Bxb5 Qc7 23. c6 Rab8 24. Ba4 Qa5 25. Rxb8 Rxb8 26. c3 Qc5+ 27. Kh1 Bf6 28.
h3 Kg7 29. Qc2 Bd8 30. Rc1 Bc7 31. Qa2 e4 32. fxe4 Qd6 33. g4 dxe4 34. c4 fxg4
35. Qa1+ Kh7 36. Qa2 Qd4 37. Rd1 Qe3 38. hxg4 Qh3+ 39. Kg1 Bb6+ 0-1

[Event "7. Lichtenberger Sommer"]
[Site "Berlin"]
[Date "2008.08.18"]
[Round "3.45"]
[White "Keusch, Horst"]
[Black "Vollbrecht, Lars"]
[Result "1/2-1/2"]
[WhiteElo "1925"]
[BlackElo "1709"]
[PlyCount "117"]
[EventDate "2008.??.??"]
[WhiteTeam "SC Friesen Lichtenberg e.V."]
[BlackTeam "SF Siemensstadt"]

1. f4 d5 2. Nf3 Nc6 3. e3 Bg4 4. Bb5 a6 5. Bxc6+ bxc6 6. O-O Nf6 7. b3 e6 8.
Bb2 Be7 9. d3 O-O 10. Nbd2 Bc5 11. Qe1 Bxf3 12. Rxf3 Be7 13. Rh3 Ne8 14. Nf3
Bf6 15. Ne5 Bxe5 16. fxe5 g6 17. Ba3 Ng7 18. Bxf8 Qxf8 19. Qh4 h5 20. c4 Qc5
21. d4 Qb4 22. cxd5 cxd5 23. Qe1 a5 24. Rf3 Nf5 25. Qc1 Rc8 26. a3 Qb6 27. b4
axb4 28. axb4 Qxb4 29. Rb1 Qf8 30. Qc6 Rb8 31. Rxb8 Qxb8 32. h3 h4 33. Qc1 Qb6
34. Rf2 Qb3 35. Re2 Qd3 36. Re1 c6 37. Kf2 Ng3 38. Qd1 Ne4+ 39. Kg1 Qxd1 40.
Rxd1 c5 41. dxc5 Nxc5 42. Kf2 g5 43. Kf3 Kg7 44. g3 hxg3 45. Kxg3 Kg6 46. h4
Ne4+ 47. Kg2 gxh4 48. Rf1 Nd2 49. Rf6+ Kg7 50. Rf4 Nc4 51. Rg4+ Kf8 52. Rxh4
Nxe3+ 53. Kf3 Nf5 54. Ra4 Ne7 55. Ke3 Kg7 56. Rg4+ Kh6 57. Rg1 Nf5+ 58. Kf4 Ne7
59. Ke3 1/2-1/2

[Event "7. Lichtenberger Sommer"]
[Site "Berlin"]
[Date "2008.08.18"]
[Round "3.46"]
[White "Rührmund, Daniel"]
[Black "Plicka, Jiri"]
[Result "1/2-1/2"]
[WhiteElo "1823"]
[BlackElo "1941"]
[PlyCount "43"]
[EventDate "2008.??.??"]
[WhiteTeam "SC Einheit Bautzen"]
[BlackTeam "SK Libehrad Libcice"]

1. e4 e6 2. d4 d5 3. Nc3 Nf6 4. e5 Nfd7 5. f4 c5 6. Nf3 Nc6 7. Ne2 cxd4 8.
Nexd4 a6 9. c3 Bc5 10. a3 Nxd4 11. Nxd4 O-O 12. Bd3 Bxd4 13. cxd4 f5 14. O-O
Nb8 15. Be3 Qb6 16. Qd2 Bd7 17. Be2 Bb5 18. Bxb5 Qxb5 19. Rfc1 Qd7 20. Qd3 Nc6
21. Bd2 Rfc8 22. Rc5 1/2-1/2

[Event "7. Lichtenberger Sommer"]
[Site "Berlin"]
[Date "2008.08.18"]
[Round "3.47"]
[White "Richter, Götz"]
[Black "Krusemark, Gerhard"]
[Result "1-0"]
[WhiteElo "1997"]
[BlackElo "1705"]
[PlyCount "53"]
[EventDate "2008.??.??"]
[WhiteTeam "Klub Kölner Schachfreunde e.V. 1"]
[BlackTeam "TSG Rot-Weiß Fredersdorf/Vogelsd"]

1. e4 e5 2. Nf3 Nc6 3. d4 exd4 4. Nxd4 Nf6 5. Nxc6 dxc6 6. Bd3 Bc5 7. h3 O-O 8.
O-O Re8 9. Nc3 Bd4 10. Qf3 a6 11. Bf4 b5 12. Rad1 Qe7 13. e5 Bxc3 14. exf6 Bxf6
15. Qxc6 Be6 16. b3 Qa3 17. Rfe1 Rac8 18. Be5 Bxe5 19. Rxe5 Qxa2 20. Bf5 Qa3
21. Rxe6 Rxe6 22. Bxe6 Rf8 23. Bd5 Qa5 24. c3 g6 25. Re1 Kg7 26. b4 Qb6 27. Re7
1-0

[Event "7. Lichtenberger Sommer"]
[Site "Berlin"]
[Date "2008.08.18"]
[Round "3.48"]
[White "Bandsom, Olaf"]
[Black "Tiemer, Klaus"]
[Result "1/2-1/2"]
[WhiteElo "1774"]
[BlackElo "1906"]
[PlyCount "49"]
[EventDate "2008.??.??"]
[WhiteTeam "SC Friesen Lichtenberg e.V."]
[BlackTeam "TSG Oberschöneweide e.V."]

1. e4 c5 2. Nf3 Nc6 3. d4 cxd4 4. Nxd4 g6 5. Be3 Bg7 6. Nc3 Nf6 7. Qd2 O-O 8.
Nxc6 bxc6 9. Bc4 Qa5 10. f3 Rb8 11. Bb3 c5 12. e5 Ne8 13. Nd5 Qxd2+ 14. Kxd2
Bxe5 15. Nxe7+ Kg7 16. Bxc5 Ba6 17. Nd5 d6 18. Bxa7 Rb7 19. Be3 Bxb2 20. Rab1
Ba3 21. Ba4 Bc5 22. Bxc5 dxc5 23. Bxe8 Rxe8 24. Rxb7 Bxb7 25. Nc3 1/2-1/2

[Event "7. Lichtenberger Sommer"]
[Site "Berlin"]
[Date "2008.08.18"]
[Round "3.49"]
[White "Baumeister, Wolfgang"]
[Black "Jaeger, Andre"]
[Result "1/2-1/2"]
[WhiteElo "1806"]
[BlackElo "2019"]
[PlyCount "76"]
[EventDate "2008.??.??"]
[WhiteTeam "SC Kreuzberg e.V."]
[BlackTeam "SC Rochade e.V."]

1. e4 c5 2. Nf3 Nc6 3. Bb5 Nf6 4. Nc3 Qc7 5. Qe2 Nd4 6. Nxd4 cxd4 7. Nd5 Nxd5
8. exd5 Qxc2 9. b3 Qc5 10. Qc4 Qxc4 11. bxc4 e5 12. dxe6 fxe6 13. f4 Bd6 14.
O-O O-O 15. d3 Bc5 16. Bb2 b6 17. Rae1 Rf7 18. f5 Rxf5 19. Rxf5 exf5 20. Re8+
Kf7 21. Bxd7 Bb7 22. Rxa8 Bxa8 23. Bxf5 g6 24. Bg4 h5 25. Bd1 Bc6 26. Kf2 Kf6
27. Bc1 Kf5 28. h4 Be7 29. g3 Bd6 30. Bf3 Bxf3 31. Kxf3 a6 32. Bf4 Ba3 33. Bc7
b5 34. cxb5 axb5 35. Bf4 Be7 36. Bc7 g5 37. hxg5 Bxg5 38. Bb8 Bf6 1/2-1/2

[Event "7. Lichtenberger Sommer"]
[Site "Berlin"]
[Date "2008.08.18"]
[Round "3.50"]
[White "Oswald, Michael"]
[Black "Schweitzer, Paul"]
[Result "1-0"]
[WhiteElo "2123"]
[BlackElo "1829"]
[PlyCount "79"]
[EventDate "2008.??.??"]
[WhiteTeam "1. Schachclub Anhalt"]
[BlackTeam "SV Königsjäger Süd-West e.V."]

1. d4 Nf6 2. c4 e6 3. Nc3 c5 4. d5 exd5 5. cxd5 d6 6. e4 Nbd7 7. Bd3 a6 8. a4
h5 9. h3 Be7 10. Nge2 b6 11. O-O Ne5 12. Bc2 Bb7 13. f4 Ng6 14. Ng3 Bc8 15. e5
Nh7 16. e6 Nhf8 17. Nxh5 Bf6 18. Nxf6+ gxf6 19. Re1 Ra7 20. b3 fxe6 21. dxe6
Rg7 22. Qf3 Bb7 23. Be4 Nh4 24. Bc6+ Bxc6 25. Qxc6+ Nd7 26. exd7+ Kf7 27. Qd5+
Kg6 28. Ne4 Nxg2 29. Kxg2 Qxd7 30. f5+ Kh7+ 31. Bg5 Rf8 32. Kh2 fxg5 33. f6 Rg6
34. Nxg5+ Kh6 35. Qd2 Rfxf6 36. Ne4+ Kh7 37. Nxf6+ Rxf6 38. Re4 d5 39. Rh4+ Kg6
40. Rh6+ 1-0

[Event "7. Lichtenberger Sommer"]
[Site "Berlin"]
[Date "2008.08.18"]
[Round "3.51"]
[White "Bergmann, Jens"]
[Black "Muskewitz, Bernd"]
[Result "0-1"]
[WhiteElo "1625"]
[BlackElo "2030"]
[PlyCount "46"]
[EventDate "2008.??.??"]
[WhiteTeam "SK Tempelhof 1931 e.V."]
[BlackTeam "TSG Oberschöneweide e.V."]

1. e4 c5 2. Ne2 e6 3. Ng3 Nc6 4. d3 d5 5. Be2 Nf6 6. O-O Be7 7. f4 O-O 8. Nd2
e5 9. exd5 Nxd5 10. fxe5 Ne3 11. Qe1 Nxc2 12. Qd1 Nxa1 13. Nde4 Nxe5 14. Bf4
Qd4+ 15. Kh1 Qxb2 16. Re1 Ng6 17. Bd6 Bxd6 18. Nxd6 Nc2 19. Qd2 Qb4 20. Qxb4
Nxb4 21. a3 Nc2 22. Rf1 Nd4 23. Bg4 Bxg4 0-1